The end of plenty : (Record no. 100061)

MARC details
000 -LEADER
fixed length control field 01185nam a22002897a 4500
005 - DATE AND TIME OF LATEST TRANSACTION
control field 20170504102536.0
010 ## - LCCN (DPL NO)
LC control number 1617EN ENG-115143
020 ## - INTERNATIONAL STANDARD BOOK NUMBER
International Standard Book Number 9789385288838
Terms of availability 499.00
035 ## - SYSTEM CONTROL NUMBER
System control number B-651795-807
035 ## - SYSTEM CONTROL NUMBER
System control number B-666210
035 ## - SYSTEM CONTROL NUMBER
System control number EN-98675
037 ## - SOURCE OF ACQUISITION
Source of stock number/acquisition Pragati
Stock number dpl
037 ## - SOURCE OF ACQUISITION
Source of stock number/acquisition DBAD/PUB
082 ## - DEWEY DECIMAL CLASSIFICATION NUMBER
Classification number 363.8
100 ## - MAIN ENTRY--PERSONAL NAME
Personal name Bourne , Joel K.
245 ## - TITLE STATEMENT
Title The end of plenty :
Remainder of title the race to feed a crowded world /
Statement of responsibility, etc by Joel K. Bourne
260 ## - PUBLICATION, DISTRIBUTION, ETC. (IMPRINT)
Place of publication, distribution, etc New Delhi
Name of publisher, distributor, etc Speaking Tiger
Date of publication, distribution, etc 2016
270 ## - ADDRESS
Address 4381/4 Ansari Road, Daryaganj,
City New Delhi
Postal code 110002
300 ## - PHYSICAL DESCRIPTION
Extent 408p. :
Other physical details ill.
Dimensions 24cm(pbk)
500 ## - GENERAL NOTE
General note Includes bibliographical references and index
650 ## - SUBJECT ADDED ENTRY--TOPICAL TERM
Topical term or geographic name as entry element Food supply
General subdivision Forecasting.
650 ## - SUBJECT ADDED ENTRY--TOPICAL TERM
Topical term or geographic name as entry element Food consumption forecasting.
650 ## - SUBJECT ADDED ENTRY--TOPICAL TERM
Topical term or geographic name as entry element Food security.
942 ## - ADDED ENTRY ELEMENTS (KOHA)
Source of classification or shelving scheme Dewey Decimal Classification
Item type English Books
Call number suffix BOU
Classification part 363.8
Holdings
Withdrawn status Lost status Not for loan Collection code Home library Current library Date acquired Source of acquisition Cost, normal purchase price Full call number Barcode Copy number Cost, replacement price Koha item type
      Non-fiction Ashok Vihar Ashok Vihar 04/05/2017 BPPD/EN/2016-17/AV/2016-17/466/15.2.2017/566/28.2.2017/ 10.3.2017 499.00 363.8 BOU B-666210 1 499.00 English Books
      Non-fiction Bawana Bawana 10/02/2017 BPPD/EN/2016-17/300/24.11.2016/IN339/2.12.2016/4.1.2017 499.00 363.8 BOU B-651805 1 499.00 English Books
      Non-fiction Central Jail Tihar Central Jail Tihar 24/05/2016 DBAD/PUB 499.00 363.8 BOU EN-98675 1 499.00 English Books
      Non-fiction Central Library Central Library 10/02/2017 BPPD/EN/2016-17/300/24.11.2016/IN339/2.12.2016/4.1.2017 499.00 363.8 BOU B-651795 1 499.00 English Books
      Non-fiction Janak Puri Janak Puri 10/02/2017 BPPD/EN/2016-17/300/24.11.2016/IN339/2.12.2016/4.1.2017 499.00 363.8 BOU B-651801 1 499.00 English Books
      Non-fiction Karol Bagh Karol Bagh 10/02/2017 BPPD/EN/2016-17/300/24.11.2016/IN339/2.12.2016/4.1.2017 499.00 363.8 BOU B-651803 1 499.00 English Books
      Non-fiction Kasturba Gandhi Marg Kasturba Gandhi Marg 10/02/2017 BPPD/EN/2016-17/300/24.11.2016/IN339/2.12.2016/4.1.2017 499.00 363.8 BOU B-651798 1 499.00 English Books
      Non-fiction Narela Narela 10/02/2017 BPPD/EN/2016-17/300/24.11.2016/IN339/2.12.2016/4.1.2017 499.00 363.8 BOU B-651804 1 499.00 English Books
      Non-fiction New Police Line New Police Line 10/02/2017 BPPD/EN/2016-17/300/24.11.2016/IN339/2.12.2016/4.1.2017 499.00 363.8 BOU B-651796 1 499.00 English Books
      Non-fiction Patel Nagar Patel Nagar 10/02/2017 BPPD/EN/2016-17/300/24.11.2016/IN339/2.12.2016/4.1.2017 499.00 363.8 BOU B-651797 1 499.00 English Books
      Non-fiction Peshwa Road Peshwa Road 10/02/2017 BPPD/EN/2016-17/300/24.11.2016/IN339/2.12.2016/4.1.2017 499.00 363.8 BOU B-651799 1 499.00 English Books
      Non-fiction Sarojini Nagar Sarojini Nagar 10/02/2017 BPPD/EN/2016-17/300/24.11.2016/IN339/2.12.2016/4.1.2017 499.00 363.8 BOU B-651802 1 499.00 English Books
      Non-fiction Shahdara Branch Shahdara Branch 10/02/2017 BPPD/EN/2016-17/300/24.11.2016/IN339/2.12.2016/4.1.2017 499.00 363.8 BOU B-651806 1 499.00 English Books
      Non-fiction Tri Nagar Tri Nagar 10/02/2017 BPPD/EN/2016-17/300/24.11.2016/IN339/2.12.2016/4.1.2017 499.00 363.8 BOU B-651800 1 499.00 English Books
      Non-fiction Yojana Vihar Yojana Vihar 10/02/2017 BPPD/EN/2016-17/300/24.11.2016/IN339/2.12.2016/4.1.2017 499.00 363.8 BOU B-651807 1 499.00 English Books

© Delhi Public Library
Hit Counter
free hit counter